| 000 | 00000nas##2200000za#4500 |
| 001 | 9.505400 |
| 003 | CaOODSP |
| 005 | 20200331212703 |
| 007 | cr ||||||||||| |
| 008 | 150406c2002||||xxc|| p o||||f| |0eng|d |
| 040 | |aCaOODSP|beng |
| 043 | |an-cn--- |
| 086 | 1 |aEn82-1E-PDF |
| 110 | 1 |aCanada. |bEnvironment Canada. |bEnvironmental Protection Branch. |
| 245 | 10|aToxic chemicals update : |h[electronic resource]|ban Environment Canada Atlantic Region newsletter |
| 260 | |aDartmouth - Nova Scotia : |bEnvironment Canada. |
| 310 | |aQuarterly |
| 362 | 1 |a[Vol. 5, No. 1, August 2002]-- |
| 500 | |aThe ISSN (1206-5455) of the print edition has been copied in the pdf edition. |
| 690 | 07|aToxic substances|2gcpds |
| 775 | 08|tLe point sur les produits chimiques toxiques : |w(CaOODSP)9.501799 |